000 01212nac a22002531u 4500
008 100228t xxu||||| |||| 00| 0 eng d
010 _a 2006299782
020 _a9780521859042
020 _a0521859042 (hbk.)
035 _a(OCoLC)ocm65468245
035 _a(OCoLC)65468245
082 0 4 _a620.1617
_bREE
100 _aReed, Roger C.
_911931
245 1 4 _aThe superalloys :
_bfundamentals and applications /
_cRoger C. Reed.
260 _aCambridge, UK ;
_aNew York :
_bCambridge University Press,2006
_c2006.
300 _axiv, 372 p. :
_bill. ;
_c26 cm.
504 _aIncludes bibliographical references and index.
650 0 _aHeat resistant alloys.
_911932
856 4 2 _3Publisher description
_uhttp://www.loc.gov/catdir/enhancements/fy0619/2006299782-d.html
856 4 2 _3Table of contents only
_uhttp://www.loc.gov/catdir/enhancements/fy0619/2006299782-t.html
942 _cBB
_k620.1617 R3231
_2ddc
999 _c2488
_d2488